[Event "Final Argentina Superior 2006"]
[Site "?"]
[Date "2006.04.30"]
[Round "5.3"]
[White "Peralta, Fernando"]
[Black "Valerga, Diego"]
[Result "1-0"]
[WhiteElo "2524"]
[BlackElo "2470"]
[Annotator "de Dovitiis Alejo"]
[PlyCount "91"]
[EventDate "2006.??.??"]

1. d4 Nf6 2. c4 e6 3. Nc3 Bb4 4. e3 c5 5. Nge2 (5. Bd3 {es la otra gran opcion.
}) 5... b6 6. a3 Ba5 7. Rb1 Na6 8. Ng3 Bb7 9. Bd3 h5 10. d5 h4 (10... exd5 11.
Nf5 Qb8 12. O-O Bxc3 13. bxc3 g6 14. cxd5 gxf5 15. c4 Qd6 16. Bxf5 O-O-O {
Una posicion muy arriesgada que se dio en la practica magistral: Winants -
Gyimesi, Sain Vicent 2005.}) 11. Nge4 Nxe4 12. Bxe4 exd5 13. cxd5 $146 (13.
Bxd5 Bxd5 14. cxd5 Qg5 15. O-O Bxc3 16. bxc3 Qg6 17. e4 O-O 18. f3 f5 19. Qa4
$1 h3 20. g3 $16 {Ingbrandt,J-Agrest,E/Sweden 2001.}) 13... Bxc3+ 14. bxc3 Qf6
15. O-O c4 {Valerga pretende dejar mal al peon c3 y habilitar una buena
casilla para su caballo en c5.} 16. Bc2 O-O-O $5 {Un movimiento ambicioso.
?Que rey sufrira mas? Las proximas jugadas tendremos la respuesta.} 17. e4 Nc5
18. h3 {Parando cualquier intento debilitador.} 18... Rde8 19. Re1 Qg6 20. Rb4
$1 {Molesta el juego negro, ademas de tocar al peon de c4.} 20... f5 $1 {
No hay otra.} 21. Rxc4 fxe4 22. Rexe4 {Las blancas han ganado un peon y tienen
buena ventaja pero aun hay problemas que solucionar en su posicion.} 22... Qf7
23. Rxe8+ Rxe8 24. Rd4 Re5 25. c4 Qe8 26. Be3 g5 27. Qf3 Kb8 {Las negras estan
en serios problemas y aparte el GM conductor de las blancas no cede nada.} 28.
Rg4 Qe7 29. Bf5 Ne6 $5 {En posiciones desesperadas es preferible orientar la
partida hacia rumbos turbios, como esta provocando Valerga.} 30. Re4 Qf6 31.
Rxe5 Qxe5 32. Qe4 Qxe4 33. Bxe4 Nf4 34. Bxf4+ gxf4 35. g3 $1 fxg3 36. fxg3 Kc8
(36... hxg3 37. h4 Kc8 38. h5 $18) 37. gxh4 Kd8 38. h5 Ke8 39. h6 Kf7 40. Kf2
d6 41. Kg3 Kf8 42. h4 Kf7 43. Kf4 Bc8 44. Kg5 Kf8 45. h7 Kg7 46. Bd3 {
Una importante victoria de Peralta.} 1-0

[Event "Final Argentina Superior 2006"]
[Site "?"]
[Date "2006.04.30"]
[Round "5.4"]
[White "Mahia, Gustavo"]
[Black "Amura, Claudia"]
[Result "1-0"]
[WhiteElo "2427"]
[BlackElo "2368"]
[Annotator "de Dovitiis Alejo"]
[PlyCount "101"]
[EventDate "2006.??.??"]

1. Nf3 d5 2. c4 d4 3. e3 Nc6 4. exd4 Nxd4 5. Nxd4 Qxd4 {Existe de este esquema
un triunfo memorable de Panno sobre Polugaievsky en el Interzonal de
Petropolis de 1973.} 6. Nc3 c6 7. d3 g6 (7... Nh6 8. Be3 (8. Be2 Nf5 9. g4 Nh4
10. Rg1 Qd6 11. f4 e5 12. f5 h5 13. h3 Qd4 14. Rg3 hxg4 15. hxg4 g6 16. fxg6
Nxg6 17. Be3 Qd8 18. Kd2 Be6 19. Qa4 Nf4 20. Re1 Be7 $13 {
Rausis,I-Vallejo Pons,F/Port Barcares 2005.}) 8... Qd8 9. Bxh6 gxh6 10. d4 Bg7
11. d5 Qd6 12. Rc1 Qg6 13. Qf3 Qg5 14. Qe3 $13 {
Zvjaginsev,V-Granda Zuniga,J/Pamplona 1996.}) 8. Be3 Qd8 9. Be2 $146 {
Una movida casi obvia, por lo que cuesta creer que sea novedad.} (9. d4 Nh6 10.
Qd2 Nf5 11. O-O-O Bg7 12. Be2 O-O 13. h4 Nxe3 14. fxe3 e5 $1 $36 {
Santl,A-Raetsky,A/Seefeld 2000.}) (9. Qd2 Bg7 (9... Bg7 10. O-O-O Nf6 11. h3
O-O 12. g4 Qa5 13. Kb1 Rd8 14. Bg2 Be6 15. Ne2 Qa6 16. Qc2 Rac8 $11 {
Landenbergue,C-Campora,D/Bern 1992.}) 10. d4 h5 11. h3 Nh6 12. Bd3 Nf5 13. Bxf5
Bxf5 14. O-O O-O 15. Rad1 Re8 16. d5 cxd5 17. cxd5 a6 18. Rfe1 Rc8 19. Bd4 e5
20. dxe6 {1/2-1/2 Teske,H-Hertneck,G/Aschach 1998.}) 9... h5 {Se juega la idea
pero con el desarrollo atras a mi me huele mal este movimiento.} 10. d4 Bg7 11.
h3 {?Sera necesaria aqui?} 11... h4 12. d5 $1 {
Contra un juego en el flanco lo mejor es una replica en el centro.} 12... cxd5
13. cxd5 Nh6 14. Bd4 $16 {Como me acota el maestro Gaston Needleman, aqui
presente, al negro le costara mucho proteger su peon de h4.} 14... Nf5 (14...
e5 $1 {Lucia como la mejor alternativa de las negras.} 15. Bc5 Nf5 16. d6) 15.
Bxg7 Nxg7 16. Qd4 O-O 17. Qxh4 Qb6 18. O-O-O a5 19. Qd4 $18 Qxd4 20. Rxd4 b6
21. g4 Rd8 22. Rhd1 Ne8 23. b3 Bb7 24. Na4 Rd6 25. Kb2 Nc7 26. Bf3 Rad8 $1 {
Pese a su peon de mas, las blancas estan a punto de quedar clavadas en varias
direcciones.} 27. Nc3 Kg7 28. h4 e6 29. g5 Ba8 30. Rc4 Nxd5 {
Finalmente las negras recuperan el peon de menos.} 31. Rcd4 R6d7 32. Bxd5 Bxd5
33. Ne4 Rc7 34. Nf6 Rc5 35. R1d2 Kf8 36. Ne4 Rc7 37. Nf6 Rc5 38. Re2 Ke7 39. a3
Rb5 40. Re3 Bxb3 41. Rxd8 Kxd8 (41... Bd5+ {
?Por que no? El problema es que a Claudia le quedaban segundos en su reloj.})
42. Rxb3 $18 Rf5 43. Rxb6 Rxf2+ 44. Kb3 Rf3+ 45. Ka4 Rf4+ 46. Kxa5 Rxh4 47. Rc6
$1 {Tecnica: rey cortado y el peon a se va para la coronacion.} 47... e5 48. a4
Rf4 49. Kb5 Rf5 50. Ne4 Rf4 51. Rc4 1-0

[Event "Final Argentina Superior 2006"]
[Site "?"]
[Date "2006.04.30"]
[Round "5.5"]
[White "Malbran, Guillermo"]
[Black "Felgaer, Ruben"]
[Result "0-1"]
[WhiteElo "2308"]
[BlackElo "2580"]
[Annotator "de Dovitiis Alejo"]
[PlyCount "188"]
[EventDate "2006.??.??"]

1. e4 c5 2. Nf3 Nc6 3. Bb5 e6 4. O-O Nge7 5. c3 a6 6. Ba4 {Malbran, que conoce
al dedillo este esquema, ha pensado alrededor de treinta minutos para hacer
esta jugada natural, una vez que el blanco ha hecho c3.} 6... b5 7. Bc2 Bb7 8.
Re1 Rc8 9. a4 b4 {Una movida ambiciosa en busca de juego veloz.} (9... Qb6 $5
10. Na3 Ng6 11. axb5 axb5 12. d4 cxd4 13. cxd4 Bb4 14. Re2 O-O 15. Be3 d5 16.
e5 Be7 $11 {Morozevich,A-Smirin,I/Moscow 2002.}) ({
La jugada mas usada en la decada del 80 era:} 9... d5 10. axb5 axb5 11. Qe2 Qb6
12. exd5 Nxd5 13. Na3 Na7 14. d4 Be7 15. dxc5 Bxc5 16. Ne5 $14 {
Perunovic,M-Djukic,N/Sozina 2004.}) 10. d4 bxc3 11. Nxc3 cxd4 12. Nxd4 Nxd4 (
12... Qb6 13. Nb3 Ng6 14. Be3 $14) (12... Ng6) 13. Qxd4 Nc6 14. Qd1 Be7 15. Bf4
$1 {Las blancas, ademas de tener mejor desarrollo, piensan en aprovechar las
casillas negras o ir en ofensiva sobre el peon de d7.} 15... d6 16. Qd2 Ne5 17.
Bxe5 $6 (17. Bb3) 17... dxe5 18. Qxd8+ Bxd8 $15 {La taba se da vuelta y ahora
el negro tiene mejor final producto de la pareja de alfiles y su rey
centralizado.} 19. Bd3 Ba5 20. Rec1 Ke7 21. Kf1 Rhd8 22. Ke2 Rd4 23. f3 Rcd8
24. Rd1 Rb4 25. Rab1 Rd6 26. b3 Rbd4 27. Na2 $17 {El caballo queda por el
momento marginado y el alfil blanco no es precisamente bueno por lo que
Felgaer va estirando su ventaja posicional.} 27... f5 28. exf5 exf5 29. b4 e4
30. bxa5 exd3+ 31. Kd2 Bc6 32. Re1+ Kf6 33. Rb4 Rxb4 34. Nxb4 Bxa4 35. Na2 {
El tremendo peon de d3 limita por completo a las fuerzas blancas.} 35... Bb5
36. Nc3 Bc4 37. f4 h6 38. Rb1 g5 39. g3 {
La resistencia del blanco parece ferrea por casillas negras.} 39... gxf4 40.
gxf4 Rd4 41. Rb6+ Kg7 42. Ke3 Rd7 43. Kd2 Rc7 44. Rb4 Kg6 45. Nd1 Bb5 46. Nc3
Bc4 47. Nd1 Rc5 48. Ne3 Bb5 49. Rd4 Rc6 50. Rd8 Re6 51. Rg8+ Kh7 52. Rg2 Re4
53. Nxf5 Rxf4 54. Nd6 Ra4 55. Ke3 Bc6 56. Rd2 Rxa5 57. Rxd3 Rh5 58. Rc3 Ba4 59.
Rc7+ Kg6 60. Ra7 {La simplificacion de peones acrecienta las chances de tablas
para el primer bando.} 60... Bb5 $1 (60... a5 61. Nc4) 61. Nxb5 {
La mejor chance practica esta en este final de torres.} 61... axb5 62. Rb7 {
Bien por la torre detras del peon.} 62... Kf6 63. Kf3 $2 {
Falla bajo gran apremio del reloj.} (63. Rb6+ {
Era el momento preciso de cortar un poco mas al rey negro.}) 63... Rc5 $1 {
Ahora el rey negro vive.} 64. Rb6+ Kg5 65. Rb8 (65. h4+ $5 Kh5 66. Ke3) 65...
h5 66. Rg8+ Kh4 (66... Kf5 $5) 67. Rg2 (67. Kg2 {
parecia que daba algunas chances de empate pero...} 67... Rg5+ {Ahora el negr
o puede poner la torre detras de su peon libre, como mandan las reglas de esta
clase de finales.}) 67... b4 $1 68. Rb2 Rb5 69. Kf4 Kh3 70. Kf3 b3 71. Kf4 h4
72. Ke4 Kg4 73. Ke3 h3 74. Kd3 Kf3 75. Kd4 Rb8 76. Kd3 Rb7 77. Kd4 Rd7+ 78. Kc4
Rc7+ 79. Kd4 Rd7+ 80. Kc4 Rf7 $1 81. Rxb3+ Kg2 82. Rb2+ Kg1 83. Kd3 Rg7 84. Ke3
Rg2 85. Rb1+ Kxh2 86. Kf3 Rg3+ 87. Kf4 (87. Kf2 $11) 87... Rg8 88. Rb2+ Rg2 89.
Rb8 Rf2+ 90. Ke3 Kg1 91. Rg8+ Kf1 92. Rh8 h2 93. Rh7 Kg1 94. Rg7+ Rg2 0-1

[Event "Final Argentina Superior 2006"]
[Site "?"]
[Date "2006.05.01"]
[Round "6.1"]
[White "Felgaer, Ruben"]
[Black "Mahia, Gustavo"]
[Result "0-1"]
[WhiteElo "2580"]
[BlackElo "2427"]
[Annotator "de Dovitiis Alejo"]
[PlyCount "66"]
[EventDate "2006.??.??"]

1. c4 {!Sorpresa para todos! Incluyendo a Mahia.} 1... Nf6 2. Nc3 g6 3. e4 d6
4. g3 {Felgaer no se mete de lleno en la India de Rey ya que no es un jugador
de peon dama.} 4... Bg7 5. Bg2 O-O 6. Nge2 c5 7. O-O Nc6 8. d3 Ne8 {
Para dominar el punto central d4.} 9. Be3 Nd4 10. Rb1 Nc7 11. b4 Nce6 (11... b6
12. Qd2 Bb7 13. f4 f5 14. a4 Rb8 15. Nb5 Ncxb5 16. axb5 Qc7 17. bxc5 bxc5 18.
Qa2 $14 {Bareev,E-Gelfand,B/Munich 1994.}) 12. f4 {
Buscando juego en ambos flancos.} (12. a3 Rb8 13. f4 Nxe2+ 14. Nxe2 Nd4 15. h3
e6 16. Qd2 f5 $11 {Karlsson,L-Winsnes,R/Malmo 2005.}) 12... Nxe2+ $146 (12...
f5 13. bxc5 dxc5 14. e5 Rb8 15. Bd5 Kh8 16. Bxd4 Nxd4 17. Nxd4 cxd4 18. Nb5 e6
19. Bg2 a6 20. Nd6 $16 {Jonas,M-Starp,K/Germany 1996/Corr.}) (12... Rb8 {
Para mi la mas elastica.} 13. h3 Nxe2+ 14. Nxe2 Nd4 15. g4 $36 {
Weyerstrass-Kos,J/Huizen Snelschaak 1990.}) 13. Nxe2 Nd4 14. Nxd4 $1 cxd4 15.
Bd2 $14 {
El blanco tiene todo dispuesto para jugar en cualesquiera de los dos flancos.}
15... Bd7 16. Qe2 Rc8 17. e5 {En busca de una mayor ventaja.} 17... b5 (17...
Bc6 $5) 18. exd6 exd6 19. Bd5 Re8 20. Qf3 {
Las blancas tienen todo bajo control.} 20... bxc4 21. dxc4 h5 22. Rbe1 Qb6 23.
Qb3 {Las blancas tienen mejor estructura pero el negro esta logrando acomodar
sus piezas, claro que sus alfiles son menos activos que los de su oponente.}
23... d3+ 24. c5 $2 (24. Kg2 Qd4 {
era igualado, aunque el negro se muesta cada vez mas activo.}) 24... dxc5 {
?Que pasara? Ahora el gran Ruben debe demostrar la correccion de su entrega de
peon.} 25. Kg2 c4 $1 {
Excelente movimiento de Mahia especulando con la mala situacion del rey blanco.
} 26. Bxc4 Qb7+ 27. Bd5 (27. Kg1 Bd4+) 27... Bc6 28. Bxc6 Qxc6+ 29. Rf3 (29.
Kh3 Rxe1 30. Rxe1 Qd7+ 31. Kg2 Rc2 32. Rd1 Bc3 $19) 29... Rxe1 30. Bxe1 Re8 $1
31. Bf2 (31. Qd1 Re2+) 31... Rd8 $19 {
Veremos si la Diosa Caissa sigue bendiciendo a Felgaer...} 32. Be3 d2 33. Qd1
Rd3 $1 (33... Rd3 34. Kf2 Bd4 35. Bxd4 Qxf3+ 36. Qxf3 Rxf3+ 37. Ke2 Rd3 $19 {
Un preciso remate de Mahia que hace recordar sus viejos tiempos de gran
tactico. Una infidencia: antes de comenzar la ronda el conductor de las negras
me dijo en tono simpatico "por favor esta comentala bien porque va a serbrava".
}) 0-1

[Event "Final Argentina Superior 2006"]
[Site "?"]
[Date "2006.05.01"]
[Round "5.2"]
[White "Valerga, Diego"]
[Black "Malbran, Guillermo"]
[Result "1-0"]
[WhiteElo "2470"]
[BlackElo "2308"]
[Annotator "de Dovitiis Alejo"]
[PlyCount "107"]
[EventDate "2006.??.??"]

1. e4 e5 {
Un ronda de sorpresa, ya que Malbran abandona su inefable defensa Alekhine.} 2.
Nf3 Nc6 3. Bc4 Nf6 (3... Bc5 {es la otra gran opcion.}) 4. Ng5 {
El viejo y siempre vigente ataque Fegatello.} 4... d5 5. exd5 Na5 6. Bb5+ c6 7.
dxc6 bxc6 8. Be2 h6 9. Nf3 e4 10. Ne5 Qc7 11. f4 Bd6 (11... exf3 12. Nxf3 Bd6
13. O-O {es preferible para el blanco.}) 12. Nc3 $5 (12. d4 O-O {es lo habitual
pero el blanco pretende devolver su peon de mas en pos de obtener la pareja de
alfiles.}) (12. O-O O-O 13. Nc3 Bxe5 14. fxe5 Qxe5 15. d4 {
A esto podria llegar en esta juego.} 15... exd3 16. Qxd3 Be6 17. Bf4 Qc5+ 18.
Be3 Qe7 19. Bd4 $14 {Acevedo,S-Wang Yu/Dos Hermanas 2004.}) 12... Bxe5 13. fxe5
Qxe5 {Malbran quiere restablecer el equilibrio material pero no me agrada la
colocacion de su corcel en a5.} 14. O-O O-O 15. d4 {Se ha arribado por
transposicion de movimientos a la partida comentada tras la jugada 12 de las
blancas.} 15... exd3 16. Qxd3 {Sigue el antecedente teorico. Claro que} (16.
Bxd3 $2 Ng4 {es bueno para el negro ya que si} 17. Bf4 Qc5+ 18. Kh1 Nf2+ 19.
Rxf2 Qxf2) 16... Re8 17. Bf4 Qc5+ 18. Kh1 Nd5 19. Nxd5 Qxd5 20. b4 $1 {
Simplifica pero el caballo negro se va a las duchas como diria el GM uruguayo
Andres Rodriguez.} 20... Qxd3 21. Bxd3 Nb7 22. Rfe1 Be6 23. Ba6 Re7 24. Rad1
$16 {Casi decisiva, pero siempre se le debe dar un credito a la tenacidad de
Malbran.} 24... Rae8 25. Bg3 c5 26. a3 cxb4 27. axb4 {
El peon c blanco tiene ahora serias aspiraciones de coronacion.} 27... Rd8 28.
c4 Rxd1 29. Rxd1 Bg4 30. Re1 Rxe1+ 31. Bxe1 Nd6 32. c5 {
Lo dicho: el peon costara una pieza.} 32... Nc8 33. b5 Kf8 34. Bf2 Ke8 35. b6
axb6 36. cxb6 Nxb6 37. Bxb6 $18 f6 38. Kg1 Be6 39. Kf2 Kf7 40. Bb7 h5 41. Ke3
g5 42. Kd4 {Ya era hora de abandonar pero Malbran decide poner a prueba la
gran tecnica de Valerga.} 42... Bf5 43. Kd5 Kg6 44. Bc6 h4 45. Be8+ Kg7 46. Bd4
Bc8 47. Kd6 Bb7 48. Bc6 Bxc6 49. Kxc6 Kg6 50. Kd6 f5 51. Ke5 f4 52. h3 Kh5 53.
Kf5 Kh6 54. Kg4 1-0

[Event "Final Argentina Superior 2006"]
[Site "?"]
[Date "2006.05.01"]
[Round "6.3"]
[White "Flores, Diego"]
[Black "Peralta, Fernando"]
[Result "1/2-1/2"]
[WhiteElo "2494"]
[BlackElo "2524"]
[Annotator "de Dovitiis Alejo"]
[PlyCount "37"]
[EventDate "2006.??.??"]

1. c4 c6 2. Nc3 d5 3. e3 {
Jugada precavida que puede pasar a distintos esquemas.} 3... e5 4. d4 exd4 5.
exd4 Nf6 6. Bd3 Be7 7. Nge2 {Estamos en una Francesa invertida donde el
caballo en e2 esta mejor contra un ataque via Bg4 pero esta ineficaz para
ocupar el punto fuerte e5} 7... O-O 8. O-O dxc4 9. Bxc4 Nbd7 10. a3 ({
Me agrada mas directamente hacer:} 10. Bb3 Nb6 11. Nf4 (11. Qd3 Nbd5 12. a3 Be6
13. Bc2 g6 14. Ng3 Nb6 15. Re1 Qd7 16. Nce4 Nxe4 17. Nxe4 Rad8 $11 {
Valickova,M-Pertlova,S/Havlickuv Brod 2005.}) 11... Bf5 12. Be3 Qd7 13. h3 Nbd5
14. Nfxd5 Nxd5 {1/2-1/2 Hansen,S-Keitlinghaus,L/Copenhagen 1997.}) 10... Nb6
11. Bb3 Nbd5 12. Nf4 $146 {Lucha por el control de la casilla de bloqueo pero
como contrapartida permite el cambio de piezas, usualmente desfavorable para
el tenedor del peon aislado.} (12. Qd3 {iba mas con el espirtu de la posicion.}
12... Bg4 13. Ng3 Qc7 14. Bc2 {Rasmussen,A-Berg Jensen,J/Gausdal 2001.}) (12.
Bg5 Be6 {parecia saludable para el negro.}) 12... Bd6 13. Bxd5 {
Una decision comprometida que a mi criterio no da nada al blanco.} (13. Nfxd5
Nxd5 14. Nxd5 cxd5 15. Qh5 Be6 16. Bc2 g6 17. Qh6 $14) 13... Nxd5 14. Ncxd5
cxd5 15. Qf3 Be6 16. Nd3 Rc8 17. Bf4 Rc4 $1 {
Las negras ya estan por lo menos igualadas y no tiene a que temer.} 18. Qe3 Bf5
19. Bxd6 {Un prudente empate para ambos: el blanco cuida sus chances de norma
de gran maestro y se mantiene segundo; el negro conserva la punta a la cual
solo podria ser alcanzado por Felgaer si ganara.} 1/2-1/2

[Event "Final Argentina Superior 2006"]
[Site "?"]
[Date "2006.05.01"]
[Round "5.4"]
[White "Campora, Daniel"]
[Black "Blit, Jacques"]
[Result "1-0"]
[WhiteElo "2552"]
[BlackElo "2246"]
[Annotator "de Dovitiis Alejo"]
[PlyCount "89"]
[EventDate "2006.??.??"]

1. e4 c5 2. Nf3 Nc6 3. Bb5 Qc7 4. O-O a6 5. Bxc6 Qxc6 6. Re1 d6 7. d4 cxd4 8.
Nxd4 Qc7 9. Nc3 e6 10. Bg5 $1 {
A mi criterio una movida molesta, entorpecedora del desarrollo negro.} (10. f4
Nf6 11. a4 b6 12. f5 e5 13. Nf3 h6 14. Be3 Bb7 15. Qd3 Be7 $11 {
Frolochkin,V-Nikolaev,V/St Petersburg 2005.}) 10... Be7 $146 {Para no compromet
er la estructura de peones, mas se pierde el par de alfiles que ostentaban las
negras.} (10... Nf6 11. f4 h6 12. Bxf6 gxf6 13. f5 h5 14. Qd3 Be7 15. Rad1 $16
{Leventic,I-Djukic,Z/Kladovo 1991.}) 11. Qd2 h6 12. Bxe7 Nxe7 13. Rad1 $1 {
Las blancas dominan las columnas centrales y apuntan al flojo peon de d6.}
13... O-O 14. Nf3 $1 {Mirando directamente a la debilidad citada.} 14... Rd8
15. e5 d5 16. Ne2 {Las blancas tienen un francesa ideal con sus dos caballos
prevaleciendo sobre los cuadros negros centrales.} 16... Qb6 17. c3 a5 18. Ned4
a4 19. h4 Nc6 20. Qc1 a3 21. b3 Bd7 22. Re3 Ne7 {
El negro retorna al ala rey por temor a una ofensiva de las blancas.} 23. h5
Rf8 {?Quiere hacer f6?} 24. Rde1 $1 {!No! El gran maestro de San Nicolas no
permite ni siquiera esta reaccion, aunque la misma podria ser peligrosa para
el negro.} 24... Qc5 25. Qd2 Rac8 26. Nh4 Nc6 27. Rg3 Kh8 28. Nhf3 Ne7 29. Nh2
$1 $16 {El blanco amaga atacar el punto h6 por lo que los problemas negros se
multiplican.} 29... Nf5 30. Nxf5 exf5 31. Rd3 Be6 32. Nf3 {
Las blancas son duenas de todo el tablero.} 32... Rc7 33. Nd4 Qe7 34. f4 Rfc8
35. Ree3 Qc5 36. Kh2 $1 {Las blancas preparan la ruptura final en g4.} 36...
Qe7 37. Qf2 Qc5 38. g4 fxg4 39. f5 Bd7 40. Qf4 {
La invasicon por casillas negras es tarde o temprano inevitable.} 40... Bb5 41.
Rd2 Qb6 42. Qxg4 Bd7 43. Rg2 Rg8 44. Qf4 {f6 no se puede parar.} 44... Bc8 45.
f6 1-0

[Event "Final Argentina Superior 2006"]
[Site "?"]
[Date "2006.05.01"]
[Round "5.5"]
[White "Ricardi, Pablo"]
[Black "Perelman, Hernan"]
[Result "1-0"]
[WhiteElo "2515"]
[BlackElo "2211"]
[Annotator "de Dovitiis Alejo"]
[PlyCount "53"]
[EventDate "2006.??.??"]

1. Nf3 Nf6 2. g3 d5 3. Bg2 Bf5 4. c4 c6 5. cxd5 cxd5 6. Qb3 Bc8 $5 {
Un prudente retroceso, quizas superior a debilitar la estructura con} (6... Qb6
7. Qxb6 axb6 8. Nc3 $16) (6... Qc8 7. Nc3 e6 8. d3 Nc6 9. Bf4 Be7 10. O-O O-O
11. Rac1 {y la dama puede sufrir en c8.}) 7. d3 e6 8. O-O Nc6 9. Nc3 (9. Bf4
Nd7 10. Nc3 Be7 11. d4 O-O 12. h4 a6 13. Rad1 Qb6 14. Qc2 Nf6 15. e4 $6 Nb4 $15
{Altamirano,B-Perelman,H/Buenos Aires 2005}) 9... Be7 10. Bf4 O-O 11. e4 d4 $5
$146 {Cierra el centro y busca dejar mal paradas a las piezas blancas, pero la
suerte negra dependera de poder movilizar correctamente su flanco dama.} (11...
Qa5 12. Rac1 d4 13. Nb5 a6 14. Nd6 Qb4 15. Qxb4 Nxb4 16. Rc7 Nc6 17. Nxc8 Rfxc8
18. Rxb7 $18 {Dearing,E-Woodward,T/Millfield School 2002.}) 12. Ne2 Nd7 $5 13.
Rfc1 (13. Nexd4 Nxd4 14. Nxd4 e5 $19) 13... g5 $6 (13... e5 14. Bd2 (14. Rxc6
bxc6 15. Nxe5 {seria lo mejor para el blanco pero el negro tiene porque pelear.
}) 14... Nc5 {era muy promisorio para las negras.}) 14. Bd2 Nc5 15. Qc2 g4 {
?No sera posible la toma en d4 con el caballo blanco? Aunque el primer bando
se halle restringido la solidez de su posicion contrasta con el avance
impetuoso y temerario del peon g negro.} 16. Nfxd4 Nxd4 17. Nxd4 e5 18. Nf5
Bxf5 19. exf5 Qxd3 20. Be3 Rac8 21. f6 $1 {
Ahora las complicaciones son favorables al blanco.} 21... Bd6 (21... Bxf6 22.
Bxc5) 22. Qxd3 Nxd3 23. Rxc8 Rxc8 24. Rd1 $18 e4 25. Bxe4 Nc5 26. Bf5 Rc6 27.
b4 {La posicion negra cae por si sola.} 1-0